| 000 | 00333nam a22001337a 4500 | ||
|---|---|---|---|
| 008 | 170503b xxu||||| |||| 00| 0 eng d | ||
| 020 | _a9781422470336 | ||
| 041 | _aeng | ||
| 080 | _a343.9 | ||
| 100 | _a13 | ||
| 101 | _aSHJ | ||
| 245 |
_aCRIMINAL AND FORENSIC EVIDENCE CASES MATERIALS PROBLEMS _cGOODWIN.R.J |
||
| 942 |
_2udc _cBK |
||
| 999 |
_c12559 _d12559 |
||